Barney, Happy, mad, silly, sad. (Record no. 113250)
[ view plain ]
| 000 -LEADER | |
|---|---|
| fixed length control field | 00285nam a2200121 a 4500 |
| 005 - DATE AND TIME OF LATEST TRANSACTION | |
| control field | 20140414132010.0 |
| 008 - FIXED-LENGTH DATA ELEMENTS--GENERAL INFORMATION | |
| fixed length control field | 110303s19uu xx 00 eng d |
| 050 ## - LIBRARY OF CONGRESS CALL NUMBER | |
| Classification number | VCD |
| Item number | B23H |
| 245 ## - TITLE STATEMENT | |
| Title | Barney, Happy, mad, silly, sad. |
| 650 ## - SUBJECT ADDED ENTRY--TOPICAL TERM | |
| Topical term or geographic name as entry element | Emotions |
| 650 ## - SUBJECT ADDED ENTRY--TOPICAL TERM | |
| Topical term or geographic name as entry element | Feelings |
| Withdrawn status | Lost status | Damaged status | Home library | Current library | Shelving location | Date acquired | Total Checkouts | Full call number | Barcode | Date last seen | Price effective from | Koha item type |
|---|---|---|---|---|---|---|---|---|---|---|---|---|
| Munich Library | Munich Library | Audio Visual Material Section | 03/03/2011 | VCD B23H | M4777 | 04/14/2014 | 04/14/2014 | Audio Visual Materials |